MARC details
| 000 -CABECERA |
| campo de control de longitud fija |
01259nam a2200313 i 4500 |
| 003 - IDENTIFICADOR DEL NÚMERO DE CONTROL |
| campo de control |
DO-SdBNP |
| 005 - FECHA Y HORA DE LA ÚLTIMA TRANSACCIÓN |
| campo de control |
20260225123926.0 |
| 007 - CAMPO FIJO DE DESCRIPCIÓN FÍSICA--INFORMACIÓN GENERAL |
| campo de control de longitud fija |
ta |
| 008 - DATOS DE LONGITUD FIJA--INFORMACIÓN GENERAL |
| campo de control de longitud fija |
260225b2015 dr ||||| |||| 00| 0 spa d |
| 040 ## - FUENTE DE LA CATALOGACIÓN |
| Centro catalogador/agencia de origen |
DO-SdBNP |
| Lengua de catalogación |
spa |
| Centro/agencia transcriptor |
BNPHU |
| Normas de descripción |
rda |
| 041 ## - CÓDIGO DE LENGUA |
| Código de lengua del texto/banda sonora o título independiente |
spa |
| 082 #4 - NÚMERO DE LA CLASIFICACIÓN DECIMAL DEWEY |
| Número de clasificación |
xxx |
| Número de documento/Ítem |
A634p |
| Número de edición |
22 |
| 245 00 - MENCIÓN DE TÍTULO |
| Título |
Antología de poesía amorosa : |
| Resto del título |
(siglos XIX-XXI) / |
| Mención de responsabilidad, etc. |
selección y edición Ángela Hernández Núñez ; supervisión editorial, Jeannette Miller ; diagramación, Eric Simó ; diseño de cubierta, Cynthia Matos. |
| 264 #4 - PRODUCCIÓN, PUBLICACIÓN, DISTRIBUCIÓN, FABRICACIÓN Y COPYRIGHT |
| Producción, publicación, distribución, fabricación y copyright |
Santo Domingo, República Dominicana : |
| Nombre del de productor, editor, distribuidor, fabricante |
Refinería Dominicana de Petróleo (REFIDOMSA), |
| Fecha de producción, publicación, distribución, fabricación o copyright |
©2015. |
| 300 ## - DESCRIPCIÓN FÍSICA |
| Extensión |
235 páginas ; |
| Dimensiones |
24 cm |
| 336 ## - TIPO DE CONTENIDO |
| Término de tipo de contenido |
texto |
| Código de tipo de contenido |
txt |
| Fuente |
rdacontent |
| 337 ## - TIPO DE MEDIO |
| Nombre/término del tipo de medio |
sin mediación |
| Código del tipo de medio |
n |
| Fuente |
rdamedia |
| 338 ## - TIPO DE SOPORTE |
| Nombre/término del tipo de soporte |
volumen |
| Código del tipo de soporte |
nc |
| Fuente |
rdacarrier |
| 490 ## - MENCIÓN DE SERIE |
| Mención de serie |
Colección poesía dominicana |
| Designación de volumen o secuencia |
tomo 1 |
| 504 ## - NOTA DE BIBLIOGRAFÍA, ETC. |
| Nota de bibliografía, etc. |
Bibliografía: páginas 231-235 |
| 590 ## - NOTA LOCAL (RLIN) |
| Nota local |
Inventariado, 2026 /LP |
| 700 1# - PUNTO DE ACCESO ADICIONAL--NOMBRE DE PERSONA |
| Nombre de persona |
Hernández Núñez, Ángela, |
| Fechas asociadas al nombre |
1954- |
| Término indicativo de función/relación |
selección y edición |
| Código de función/relación |
se, ed. |
| 9 (RLIN) |
89084 |
| 700 1# - PUNTO DE ACCESO ADICIONAL--NOMBRE DE PERSONA |
| Nombre de persona |
Miller, Jeannette, |
| Fechas asociadas al nombre |
1944 |
| Término indicativo de función/relación |
editorial |
| Código de función/relación |
ed. |
| 9 (RLIN) |
83484 |
| 700 1# - PUNTO DE ACCESO ADICIONAL--NOMBRE DE PERSONA |
| Nombre de persona |
Matos, Cynthia, |
| Término indicativo de función/relación |
diagramador |
| Código de función/relación |
di |
| 9 (RLIN) |
89085 |
| 700 1# - PUNTO DE ACCESO ADICIONAL--NOMBRE DE PERSONA |
| Nombre de persona |
Simó, Eric, |
| Término indicativo de función/relación |
diseñador |
| Código de función/relación |
di |
| 9 (RLIN) |
313 |
| 700 1# - PUNTO DE ACCESO ADICIONAL--NOMBRE DE PERSONA |
| Nombre de persona |
Jiménez, Felucho. |
| 9 (RLIN) |
23276 |
| 910 ## - DATOS DE OPCIÓN DEL USUARIO (OCLC) |
| Datos de opción del usuario |
LP |
| 942 ## - ELEMENTOS DE PUNTO DE ACCESO ADICIONAL (KOHA) |
| Fuente del sistema de clasificación o colocación |
Dewey Decimal Classification |
| Tipo de ítem Koha |
Libro |